| 000 | 01256cam a2200217 4500 | ||
|---|---|---|---|
| 001 | ##L128714 | ||
| 008 | 050207n2004 000 0 eng u | ||
| 035 | _a(Sirsi) u128714 | ||
| 041 | 0 | _aeng | |
| 050 | 0 | 4 | _a711.1 $2 18 |
| 110 | 1 |
_aUnited Kingdom _bOffice of the Deputy Prime Minister |
|
| 245 | 0 | 0 | _aStatements of community involvement and planning applications |
| 260 |
_aLondon _bODPM _c2004 |
||
| 520 | _aThis is the final report of a study into the requirement for each local planning authority to prepare a statement of community involvement (SCI). A SCI is a statement of a local authority's policy for involving the community in preparing and revising local development documents and for consulting on planning applications. It should set out a policy for community involvement, which meets the statutory requirements for consultation while at the same time being tailored to the local authority's circumstances. | ||
| 650 | 2 | 4 | _aPLANNING POLICY STATEMENT 12 |
| 650 | 2 | 4 | _aSTATEMENTS OF COMMUNITY INVOLVEMENT |
| 651 | 4 |
_aEngland _y886- |
|
| 690 | _aENVIRONMENTAL AND LAND CONSULTANCY-PLANNING AND DEVELOPMENT-PLANNING GUIDANCE | ||
| 856 | 4 | 8 |
_uhttps://www.dclg.gov.uk/index.asp?id=1145394 _zView at www.communities.gov.uk... |
| 942 | _n0 | ||
| 999 |
_c103993 _d103993 |
||